[Event "Top20"]
[Site "?"]
[Date "1999.12.11"]
[Round "4"]
[White "Tchalimian, Pascal"]
[Black "Cursoux, Laurent"]
[Result "1/2-1/2"]
[WhiteElo "2080"]
[BlackElo "2211"]
[PlyCount "130"]

1. b3 e5 2. Bb2 Nc6 3. e3 d5 4. Bb5 Bd6 5. Nf3 Bg4 6. h3 Bxf3 7. Bxc6+ bxc6 8.
Qxf3 Nf6 9. d3 O-O 10. O-O a5 11. Nc3 Qe7 12. a4 Nd7 13. e4 dxe4 14. Nxe4 f5
15. Nxd6 Qxd6 16. Ba3 c5 17. Rae1 Rae8 18. Qb7 f4 19. f3 Nb6 20. Qa6 Ra8 21.
Qb5 Nd7 22. Re4 c6 23. Qc4+ Qd5 24. Qc3 Rf6 25. Rfe1 Rg6 26. Kf2 Qd6 27. Rg1
Nf6 28. Ree1 Nd7 29. Re4 Re8 30. Qxa5 Nf6 31. Rc4 Nd5 32. Bxc5 Qf6 33. Re4 Qh4+
34. Kf1 Nf6 35. Bf2 Qg5 36. Re2 Nh5 37. Qc5 Rge6 38. Re4 Nf6 39. Rb4 Nd5 40.
Re4 Nf6 41. Re1 Nh5 42. a5 Rd8 43. a6 Qf5 44. Re4 Nf6 45. Re2 Nh5 46. Ke1 Qg6
47. Qc4 Kh8 48. Kd2 Ree8 49. Bh4 Nf6 50. Bxf6 Qxf6 51. Ra1 e4 52. Ra4 exd3 53.
Rxe8+ Rxe8 54. Qxd3 Rd8 55. Qxd8+ Qxd8+ 56. Kc1 g5 57. a7 Qa8 58. b4 Kg7 59. c4
Kf7 60. Kc2 Ke7 61. Ra5 Kd6 62. Kb3 h6 63. Kc2 Kc7 64. Kb3 Kb7 65. Ka3 Kc7
1/2-1/2

[Event "Top20"]
[Site "?"]
[Date "1999.12.11"]
[Round "4"]
[White "Massard, Christian"]
[Black "Ollier, Michel"]
[Result "1/2-1/2"]
[WhiteElo "1740"]
[BlackElo "1840"]
[PlyCount "72"]

1. Nf3 c5 2. g3 Nc6 3. Bg2 g6 4. O-O Bg7 5. c4 e6 6. Nc3 Nge7 7. a3 O-O 8. Qc2
a6 9. d3 Rb8 10. Rb1 b5 11. b3 b4 12. Ne4 d6 13. a4 Nf5 14. e3 Qe7 15. Bb2 f6
16. g4 Nh6 17. h3 Ne5 18. Nh2 Bb7 19. f4 Nd7 20. Rf2 Bxe4 21. Bxe4 f5 22. Bxg7
Qxg7 23. Bg2 fxg4 24. hxg4 Nf7 25. Rbf1 Kh8 26. Bc6 Nf6 27. Qb2 Nd8 28. Bg2 Nb7
29. g5 Nh5 30. Qxg7+ Kxg7 31. Bf3 Ng3 32. Rb1 Nf5 33. Ng4 Na5 34. Rh2 Rbd8 35.
Kf2 Rh8 36. Ke2 h5 1/2-1/2

[Event "Top20"]
[Site "?"]
[Date "1999.12.11"]
[Round "4"]
[White "Cizeron, Frederic"]
[Black "Cursoux, Gerard"]
[Result "1-0"]
[WhiteElo "1840"]
[BlackElo "2100"]
[PlyCount "63"]

1. Nf3 Nf6 2. d4 c5 3. c3 e6 4. Bg5 d5 5. e3 a6 6. Bd3 c4 7. Bc2 Nbd7 8. O-O
Bd6 9. Nbd2 h6 10. Bh4 g5 11. Bg3 Bxg3 12. hxg3 Qc7 13. e4 dxe4 14. Nxe4 Nxe4
15. Bxe4 Nf6 16. Bc2 b5 17. Ne5 Bb7 18. f4 Nd7 19. Qh5 Nxe5 20. fxe5 O-O-O 21.
Qxf7 Qc6 22. Qf3 Rdf8 23. Qxc6+ Bxc6 24. Rxf8+ Rxf8 25. Rf1 Rxf1+ 26. Kxf1 Kd7
27. Bd1 Be4 28. Bf3 Bd3+ 29. Kf2 a5 30. Ke3 Bf1 31. Be4 b4 32. Kf2 1-0

[Event "Top20"]
[Site "?"]
[Date "1999.12.11"]
[Round "4"]
[White "Graillon, David"]
[Black "Poncet, Alain"]
[Result "0-1"]
[WhiteElo "1790"]
[BlackElo "1860"]
[PlyCount "42"]

1. d4 Nf6 2. c4 e6 3. Nc3 Bb4 4. Nf3 c5 5. g3 O-O 6. Bg2 Nc6 7. O-O d5 8. Bg5
Bxc3 9. bxc3 h6 10. cxd5 exd5 11. Bf4 Bf5 12. Ne5 Qe7 13. Rc1 Rfe8 14. Bf3 Rad8
15. e3 Bh3 16. Re1 Ne4 17. Bxe4 dxe4 18. Qh5 Nxe5 19. Bxe5 Qe6 20. c4 Bg4 21.
d5 Qd7 0-1

[Event "Top20"]
[Site "?"]
[Date "1999.12.11"]
[Round "4"]
[White "Roche, Marius"]
[Black "Deville, Olivier"]
[Result "1/2-1/2"]
[WhiteElo "1690"]
[BlackElo "2060"]
[PlyCount "68"]

1. d4 d5 2. Nf3 Nf6 3. e3 Bf5 4. Bd3 Bxd3 5. cxd3 e6 6. Nbd2 c5 7. Qa4+ Nc6 8.
Ne5 Qc7 9. Nxc6 bxc6 10. dxc5 Bxc5 11. d4 Bd6 12. Nf3 O-O 13. O-O c5 14. dxc5
Bxc5 15. Bd2 Qe7 16. Rac1 Rfc8 17. a3 Ne4 18. Bc3 Nxc3 19. Rxc3 Rc7 20. b4 Bd6
21. Rxc7 Qxc7 22. g3 Rc8 23. Nd4 Be5 24. Rd1 g6 25. Rd2 Qb6 26. Qb3 Rc1+ 27.
Kg2 Qc7 28. Rc2 Rxc2 29. Qxc2 Qxc2 30. Nxc2 Kf8 31. Kf3 Ke7 32. Ke2 Kd7 33. Kd3
Kc6 34. a4 a6 1/2-1/2

[Event "Top20"]
[Site "?"]
[Date "1999.12.19"]
[Round "4"]
[White "Garon, Pierre"]
[Black "Boblin, Laurent"]
[Result "1/2-1/2"]
[WhiteElo "1920"]
[BlackElo "1780"]
[PlyCount "84"]

1. c4 e5 2. Nc3 Nf6 3. g3 d5 4. cxd5 Nxd5 5. Bg2 Be6 6. Nf3 Nc6 7. d3 Be7 8.
O-O O-O 9. a3 Qd7 10. Re1 f6 11. Bd2 Nd4 12. b4 Nxc3 13. Bxc3 c5 14. Qb1 Qa4
15. Nxd4 cxd4 16. Bd2 Qd7 17. a4 Bd5 18. Bxd5+ Qxd5 19. b5 Rfc8 20. Rc1 Qe6 21.
Qb2 Kf7 22. Ba5 Rxc1+ 23. Rxc1 Rc8 24. Rc7 b6 25. Qc2 Rxc7 26. Qxc7 Qb3 27.
Qxa7 Qxa4 28. Qxb6 Qd1+ 29. Kg2 Qxe2 30. Qb7 Qxd3 31. Bb4 e4 32. Qxe7+ Kg6 33.
Qe8+ Kg5 34. Bd2+ Qxd2 35. Qxe4 Qb4 36. h4+ Kh6 37. Qd5 g6 38. g4 Kg7 39. Qd7+
Kg8 40. Qd5+ Kg7 41. Qd7+ Kg8 42. Qd5+ Kg7 1/2-1/2

[Event "Top20"]
[Site "?"]
[Date "1999.12.11"]
[Round "4"]
[White "Carrot, Patrick"]
[Black "Bellon, Yves"]
[Result "1-0"]
[WhiteElo "1750"]
[BlackElo "1820"]
[PlyCount "77"]

1. e4 c5 2. Nf3 d6 3. d4 cxd4 4. Nxd4 Nf6 5. Nc3 g6 6. Bc4 Bg7 7. f3 Nc6 8. Be3
O-O 9. O-O Bd7 10. Qd2 a6 11. a4 Rc8 12. Ba2 Qc7 13. Rac1 Qa5 14. Bb3 Qh5 15.
Nce2 Rfd8 16. Nxc6 Bxc6 17. Ng3 Qe5 18. f4 Qxb2 19. Rb1 Nxe4 20. Nxe4 Qa3 21.
Nc3 Be8 22. Nd5 Kf8 23. Bb6 Rd7 24. f5 Rc6 25. f6 exf6 26. Ra1 Qc5+ 27. Bxc5
dxc5 28. c4 f5 29. Rae1 Re6 30. Qf4 b5 31. cxb5 axb5 32. axb5 Rb7 33. Rxe6 fxe6
34. Qd6+ Kf7 35. Nc7 Bd4+ 36. Kh1 Bxb5 37. Bxe6+ Kg7 38. Rb1 Ra7 39. Nxb5 1-0

[Event "Top20"]
[Site "?"]
[Date "1999.12.11"]
[Round "4"]
[White "Petit, Didier"]
[Black "Rea, Laurent"]
[Result "0-1"]
[WhiteElo "1750"]
[BlackElo "1740"]
[PlyCount "124"]

1. Nf3 d5 2. g3 Bg4 3. Bg2 c6 4. h3 Bxf3 5. Bxf3 e5 6. d3 f5 7. e3 Nf6 8. Bg2
Bd6 9. e4 fxe4 10. dxe4 d4 11. O-O O-O 12. Nd2 Nbd7 13. Nc4 Bc7 14. Bg5 b5 15.
Nd2 Rb8 16. c3 c5 17. c4 a6 18. Qc2 Qe7 19. Rac1 h6 20. Bxf6 Rxf6 21. Nf3 Rbf8
22. Nh4 Qf7 23. Nf5 Kh7 24. g4 g6 25. Ng3 Bd8 26. b3 Rd6 27. Qd3 b4 28. Ra1 Ba5
29. Rac1 Rf6 30. Rc2 Qe7 31. f3 R8f7 32. Re2 Nf8 33. h4 Ne6 34. h5 Nf4 35.
hxg6+ Rxg6 36. Qd2 Bd8 37. Nf5 Qd7 38. Ra1 Bg5 39. Qd1 Ne6 40. Qd3 Rgf6 41. a3
a5 42. axb4 axb4 43. Rea2 Nf4 44. Qd1 d3 45. Bf1 Rxf5 46. exf5 Qd4+ 47. Kh2 Rd7
48. Rd2 Ne2 49. Bxe2 Bxd2 50. Qxd2 Qxa1 51. Kg2 Qd4 52. Bf1 e4 53. fxe4 Qxe4+
54. Kg3 Rd4 55. f6 Qe5+ 56. Kh3 Qxf6 57. Bxd3+ Kg7 58. Qe2 Rf4 59. Kg3 h5 60.
Bf5 Rd4 61. Qe3 hxg4 62. Qf2 Qd6+ 0-1

[Event "Top20"]
[Site "?"]
[Date "1999.12.11"]
[Round "4"]
[White "Bruel, Bruno"]
[Black "Valentin, Alain"]
[Result "1/2-1/2"]
[WhiteElo "1720"]
[BlackElo "1700"]
[PlyCount "83"]

1. d4 Nf6 2. c4 e6 3. Nc3 Bb4 4. e3 b6 5. a3 Bxc3+ 6. bxc3 Bb7 7. Nf3 O-O 8.
Be2 Ne4 9. Qc2 d6 10. O-O f5 11. Nd2 Nd7 12. f3 Nxd2 13. Bxd2 c5 14. e4 f4 15.
a4 a5 16. Be1 Rc8 17. Rb1 cxd4 18. cxd4 Ba6 19. Qb3 d5 20. Rc1 dxe4 21. fxe4
Nf6 22. Rxf4 Qxd4+ 23. Bf2 Qd2 24. Qe3 Qxe3 25. Bxe3 Nd7 26. Rxf8+ Kxf8 27. Bf4
Ke8 28. Bd6 Rc6 29. e5 b5 30. c5 30... b4 $11 31. Bf3 Rc8 32. c6 Nb6 33. c7 Nd5
34. Rc6 Bd3 35. Bd1 Kd7 36. Rc1 Nxc7 37. Bb3 Nd5 38. Rxc8 Kxc8 39. Kf2 Kd7 40.
Ke1 Bf5 41. Kd2 Ne7 42. Ke3 1/2-1/2

[Event "Top20"]
[Site "?"]
[Date "1999.12.11"]
[Round "4"]
[White "Bourrat, Nicolas"]
[Black "Valjan, Berislav"]
[Result "1-0"]
[WhiteElo "1710"]
[BlackElo "1699"]
[PlyCount "67"]

1. d4 d5 2. c4 dxc4 3. Nc3 Nf6 4. e4 e6 5. Bxc4 c6 6. Nf3 Bb4 7. Bd3 h6 8. a3
Bxc3+ 9. bxc3 Nbd7 10. e5 Nd5 11. c4 Ne7 12. Bb2 Nf8 13. O-O Nfg6 14. g3 O-O
15. Ne1 Nf5 16. g4 Nfh4 17. f4 a6 18. Kh1 b6 19. f5 exf5 20. gxf5 Ne7 21. Qg4
g5 22. Ng2 Nxg2 23. Kxg2 Ng6 24. Qe4 Nh4+ 25. Kg1 f6 26. Qxc6 fxe5 27. Qxa8 Qd6
28. Qd5+ Qxd5 29. cxd5 exd4 30. Bxd4 Bb7 31. Be4 b5 32. Rac1 Re8 33. f6 Kf7 34.
Rc7+ 1-0

[Event "Top20"]
[Site "?"]
[Date "2000.01.08"]
[Round "5"]
[White "Ollier, Michel"]
[Black "Tchalimian, Pascal"]
[Result "0-1"]
[WhiteElo "1880"]
[BlackElo "2150"]
[PlyCount "74"]

1. e4 c5 2. Nf3 d6 3. d4 cxd4 4. Nxd4 Nf6 5. Nc3 Nc6 6. Bg5 e6 7. Qd2 a6 8.
O-O-O h6 9. Bh4 Nxe4 10. Bxd8 Nxd2 11. Nxc6 bxc6 12. Bc7 Nxf1 13. Bxd6 Nxh2 14.
Rxh2 Bxd6 15. Rxd6 Bd7 16. Rh1 Ke7 17. Rhd1 Ra7 18. Ne4 Rb8 19. Nc5 Be8 20. c4
a5 21. b3 a4 22. Nxa4 Ra5 23. c5 h5 24. R6d4 g5 25. Rh1 e5 26. Re4 f6 27. f3
Bf7 28. Re3 Bg6 29. Rhe1 Rb4 30. Rc3 g4 31. a3 Rd4 32. Re2 Bd3 33. Ra2 gxf3 34.
gxf3 h4 35. Nb6 Bf5 36. b4 Rxb4 37. Rg2 Rb1+ 0-1

[Event "Top20"]
[Site "?"]
[Date "2000.01.08"]
[Round "5"]
[White "Poncet, Alain"]
[Black "Cizeron, Frederic"]
[Result "0-1"]
[WhiteElo "1880"]
[BlackElo "1940"]
[PlyCount "78"]

1. d4 Nf6 2. c4 g6 3. Nc3 Bg7 4. e3 O-O 5. Bd3 d6 6. Nge2 e5 7. O-O Nc6 8. a3
a5 9. Bd2 Nd7 10. d5 Ne7 11. e4 f5 12. exf5 gxf5 13. f3 Ng6 14. Ng3 f4 15. Nge4
Nf6 16. Qc2 Nxe4 17. Bxe4 Qg5 18. Bxg6 hxg6 19. Ne4 Qh5 20. c5 dxc5 21. Qxc5
Rf7 22. Bc3 Bh8 23. Kf2 Bd7 24. Rac1 b6 25. Qc4 Bc8 26. Rh1 Ba6 27. Qc6 Raf8
28. d6 Qh4+ 29. Kg1 cxd6 30. Qxd6 Bc8 31. Qxb6 Rd8 32. Bxa5 Rfd7 33. Qe6+ Kh7
34. Bxd8 Qxd8 35. Qc4 Qb6+ 36. Kf1 Ba6 37. Qxa6 Qxa6+ 38. Kf2 Qb6+ 39. Ke1 Qe3+
0-1

[Event "Top20"]
[Site "?"]
[Date "2000.01.08"]
[Round "5"]
[White "Cursoux, Laurent"]
[Black "Massard, Christian"]
[Result "1-0"]
[WhiteElo "2211"]
[BlackElo "1780"]
[PlyCount "78"]

1. e4 d5 2. exd5 Nf6 3. Nf3 Nxd5 4. d4 Bg4 5. Be2 g6 6. O-O Bg7 7. h3 Bxf3 8.
Bxf3 c6 9. Re1 O-O 10. c3 e6 11. Nd2 Nd7 12. Nc4 N7b6 13. Ne5 Nd7 14. Ng4 Kh8
15. Bd2 Qc7 16. Qc1 N7f6 17. Ne5 Nd7 18. Bh6 Nxe5 19. dxe5 Rfd8 20. h4 Bxe5 21.
Bxd5 cxd5 22. h5 Bg7 23. hxg6 hxg6 24. Re3 Kg8 25. Rh3 Qe5 26. Be3 f6 27. Qc2
Kf7 28. Qa4 a6 29. Bb6 Re8 30. Rd1 Qd6 31. Be3 Rh8 32. Rg3 Rh5 33. Qg4 Rah8 34.
Qxg6+ Ke7 35. Qxg7+ Kd8 36. Qxf6+ Kc8 37. Kf1 Qc6 38. Ke1 b5 39. Qd4 39... Rh1+
$138 1-0

[Event "Top20"]
[Site "?"]
[Date "2000.01.08"]
[Round "5"]
[White "Cursoux, Gerard"]
[Black "Deville, Olivier"]
[Result "0-1"]
[WhiteElo "2020"]
[BlackElo "2040"]
[PlyCount "124"]

1. e4 c5 2. Nc3 Nc6 3. g3 g6 4. Bg2 Bg7 5. f4 e6 6. Nf3 Nge7 7. d3 d6 8. O-O
O-O 9. Be3 Rb8 10. Rb1 b5 11. Ne2 Qa5 12. c3 b4 13. d4 cxd4 14. cxd4 Qxa2 15.
Nd2 Qa6 16. Nb3 Qb5 17. Re1 Bd7 18. g4 a5 19. d5 exd5 20. exd5 Nd8 21. Ned4 Qa6
22. f5 gxf5 23. Bg5 Nc8 24. gxf5 f6 25. Be3 Nf7 26. Ne6 Bxe6 27. fxe6 Ne5 28.
Bf1 Qa8 29. Rc1 a4 30. Ra1 Ne7 31. Bg2 f5 32. Nd4 a3 33. bxa3 bxa3 34. Bc1 Nc4
35. Qd3 Qa7 36. Rd1 Nb2 37. Bxb2 Rxb2 38. Rxa3 Bxd4+ 39. Kh1 Qc5 40. Qxd4 Qxa3
41. Rg1 Qb4 42. Bf1+ Ng6 43. Qa7 Qh4 44. h3 Qf2 45. Qxf2 Rxf2 46. Bb5 Kh8 47.
Ra1 Ne7 48. Ra7 Nxd5 49. e7 Nxe7 50. Rxe7 Rb2 51. Bc6 Rbb8 52. Bd5 Rf6 53. Kg2
Rb5 54. Bf3 Rg6+ 55. Kf2 Rb2+ 56. Ke3 Rf6 57. Kf4 Rh2 58. h4 Rxh4+ 59. Kg5 Rhh6
60. Bd5 Rhg6+ 61. Kh5 h6 62. Re8+ Kh7 0-1

[Event "Top20"]
[Site "?"]
[Date "2000.01.08"]
[Round "5"]
[White "Carrot, Patrick"]
[Black "Roche, Marius"]
[Result "0-1"]
[WhiteElo "1820"]
[BlackElo "1680"]
[PlyCount "66"]

1. e4 g6 2. d4 Bg7 3. Nf3 d6 4. h3 a6 5. Bc4 b5 6. Bb3 Bb7 7. Ng5 e6 8. d5 e5
9. c4 h6 10. Nf3 Ne7 11. Bd2 O-O 12. Qc1 Kh7 13. Ba5 Nd7 14. cxb5 Nc5 15. Bc2
f5 16. Nc3 axb5 17. b4 Nxe4 18. Nxb5 Nxd5 19. Bb3 Qd7 20. Bxd5 Bxd5 21. Nxc7
Rac8 22. b5 Nc5 23. Qd1 Bc4 24. a4 Nd3+ 25. Kd2 Nxf2 26. Qg1 Ne4+ 27. Ke1 Rxc7
28. Rc1 d5 29. Nh4 Ng3 30. Qb6 Bf6 31. Nf3 Rb7 32. Qc5 Rc8 33. Qe3 Nxh1 0-1

[Event "Top20"]
[Site "?"]
[Date "2000.01.08"]
[Round "5"]
[White "Rea, Laurent"]
[Black "Garon, Pierre"]
[Result "0-1"]
[WhiteElo "1750"]
[BlackElo "1960"]
[PlyCount "72"]

1. d4 d5 2. c4 c6 3. Nf3 Nf6 4. Nc3 e6 5. cxd5 exd5 6. Qc2 Nbd7 7. Bf4 Be7 8.
Nb5 cxb5 9. Bc7 Bb4+ 10. Kd1 Qe7 11. e3 a6 12. Rc1 O-O 13. Bd3 Bd6 14. Ba5 Re8
15. h4 Nf8 16. Ne5 Ng4 17. Nf3 Bd7 18. Qe2 Rac8 19. Bd2 Bb4 20. Bc3 Bxc3 21.
bxc3 Qa3 22. Ng5 Rxc3 23. Bc2 Rcxe3 24. Qd2 R3e7 25. Qf4 Qb4 26. Bd3 h6 27. Nh3
Re1+ 28. Rxe1 Rxe1+ 29. Kc2 Rxc1+ 30. Kxc1 Qa3+ 31. Kd2 Qxa2+ 32. Ke1 Qa1+ 33.
Kd2 Nf6 34. Qf3 Bxh3 35. Qxh3 Qxd4 36. Qf3 Ng6 0-1

[Event "Top20"]
[Site "?"]
[Date "2000.01.08"]
[Round "5"]
[White "Boblin, Laurent"]
[Black "Bourrat, Nicolas"]
[Result "1-0"]
[WhiteElo "1810"]
[BlackElo "1690"]
[PlyCount "103"]

1. e4 e6 2. d4 d5 3. Nd2 dxe4 4. Nxe4 Nd7 5. Nf3 Ngf6 6. Bg5 Be7 7. Nxf6+ Nxf6
8. Bd3 O-O 9. O-O h6 10. Bh4 Nd5 11. Bxe7 Qxe7 12. c4 Nf4 13. Bb1 f5 14. Ne5
Qg5 15. Qf3 Ng6 16. Nxg6 Qxg6 17. Qf4 Qf6 18. c5 b6 19. cxb6 cxb6 20. Bc2 Ba6
21. Rfe1 Rac8 22. Rac1 Bc4 23. a3 Rfd8 24. Qe5 Rxd4 25. Qxf6 gxf6 26. Bb3 Kf7
27. h3 Rc5 28. Ba4 e5 29. b4 Rc7 30. Rc3 Re7 31. Rxc4 Rxc4 32. Bb3 Rec7 33. Rc1
b5 34. a4 a6 35. Kf1 Ke7 36. Bxc4 bxc4 37. Ke2 e4 38. Ke3 Ke6 39. Kd4 Rd7+ 40.
Kc3 Ke5 41. Re1 Rd4 42. b5 Kd5 43. bxa6 Rd3+ 44. Kb4 Rb3+ 45. Ka5 Kc6 46. Rd1
Rb8 47. a7 Ra8 48. Ka6 Rc8 49. Rb1 Kc7 50. Rb7+ Kd6 51. Rb8 Rc6+ 52. Rb6 1-0

[Event "Top20"]
[Site "?"]
[Date "2000.01.08"]
[Round "5"]
[White "Bellon, Yves"]
[Black "Graillon, David"]
[Result "0-1"]
[WhiteElo "1730"]
[BlackElo "1820"]
[PlyCount "124"]

1. c4 c6 2. Nf3 Nf6 3. Nc3 d5 4. e3 a6 5. b3 g6 6. Bb2 Bg7 7. Qc2 Bf5 8. d3 O-O
9. Be2 Nbd7 10. Nh4 Qa5 11. O-O dxc4 12. bxc4 Rad8 13. Nxf5 Qxf5 14. e4 Qg5 15.
d4 Nh5 16. Nd1 Nf4 17. Bf3 Qa5 18. Bc3 Qc7 19. Ne3 Nb6 20. Rab1 Nc8 21. Qd2 c5
22. d5 Bxc3 23. Qxc3 Nd6 24. e5 Ne4 25. Qc2 Ng5 26. Be2 Qxe5 27. Rxb7 Rb8 28.
Rfb1 Rxb7 29. Rxb7 Qa1+ 30. Bf1 Qe5 31. Qb1 e6 32. Qb3 Ne4 33. Rb6 Nd2 34. Qd1
Nxf1 35. Kxf1 Rd8 36. d6 Qe4 37. Qc2 Qd4 38. Rxa6 Rxd6 39. Ra8+ Kg7 40. Rb8 Qe5
41. Rb1 Qh5 42. h3 Qe5 43. a4 Nd3 44. Ng4 Qe4 45. a5 h5 46. Ne3 Qe5 47. Rb6 Nb4
48. Qc1 $11 48... Rd3 49. Rb5 Rc3 50. Qd2 Ra3 51. Qxb4 Ra1+ 52. Ke2 Ra2+ 53.
Qd2 Rxd2+ 54. Kxd2 f5 55. a6 Qe4 56. Rb7+ Kf6 57. Rb8 Qd4+ 58. Kc2 Qd7 59. Rb7
Qa4+ 60. Kd3 Qxa6 61. Rb5 Qd6+ 62. Kc2 Qd4 0-1

[Event "Top20"]
[Site "?"]
[Date "2000.01.08"]
[Round "5"]
[White "Valentin, Alain"]
[Black "Petit, Didier"]
[Result "1-0"]
[WhiteElo "1700"]
[BlackElo "1710"]
[PlyCount "75"]

1. d4 d5 2. c4 dxc4 3. Nc3 c6 4. a4 Nf6 5. e3 Bf5 6. Bxc4 e6 7. Nf3 Bb4 8. O-O
Nbd7 9. Bd3 Bg4 10. Be2 Qc7 11. Qc2 Rc8 12. h3 h5 13. e4 Bxf3 14. Bxf3 e5 15.
Ne2 exd4 16. Nxd4 Ne5 17. Be2 g6 18. b3 O-O 19. Bb2 Rfe8 20. f4 Ned7 21. e5
Nxe5 22. fxe5 Qxe5 23. Bc4 Nd5 24. Kh1 Qg5 25. Qf2 Re7 26. Nf3 Qf5 27. Qd4 f6
28. Nh4 Qg5 29. Bxd5+ cxd5 30. Qxb4 Re4 31. Qxb7 Rf8 32. Nf3 Qf5 33. Nd2 Rf4
34. Rxf4 Qxf4 35. Qxd5+ Kh7 36. Rf1 Qh4 37. Qd7+ Kg8 38. Qe6+ 1-0

[Event "Top20"]
[Site "?"]
[Date "2000.01.08"]
[Round "5"]
[White "Valjan, Berislav"]
[Black "Bruel, Bruno"]
[Result "0-1"]
[WhiteElo "1699"]
[BlackElo "1750"]
[PlyCount "116"]

1. f4 d5 2. h3 e5 3. d3 Nc6 4. Nf3 Bd6 5. Nc3 Nf6 6. Bd2 Be6 7. e3 a6 8. fxe5
Nxe5 9. Qe2 Nh5 10. g4 Ng3 11. Qg2 Nxf3+ 12. Qxf3 Nxh1 13. Qxh1 Qh4+ 14. Kd1
Bxg4+ 15. Ne2 c6 16. Qg2 Bxe2+ 17. Bxe2 Qg3 18. Qxg3 Bxg3 19. c3 O-O 20. Kc2 f5
21. c4 dxc4 22. dxc4 f4 23. exf4 Bxf4 24. Bc3 Rae8 25. Bg4 Be5 26. Bb4 Rf2+ 27.
Kd3 Rxb2 28. Ba3 Rg2 29. Rf1 Rg3+ 30. Rf3 Rxf3+ 31. Bxf3 Bf6 32. Bc5 Re1 33.
Bg4 Rb1 34. Be6+ Kh8 35. Ba3 b6 36. Kc2 Re1 37. Bd7 c5 38. Bc1 g5 39. Bc8 a5
40. Bg4 Rh1 41. a4 Rg1 42. Be3 Rg3 43. Bd2 h5 44. Bxh5 Rxh3 45. Bg4 Rg3 46. Be6
Be5 47. Bd5 Kg7 48. Kd1 Bc3 49. Bc1 g4 50. Ke2 Bd4 51. Bf4 Ra3 52. Bc6 g3 53.
Bc7 Ra2+ 54. Kf1 Rf2+ 55. Ke1 Bc3+ 56. Kd1 g2 57. Bxg2 Rxg2 58. Bxb6 Bb4 0-1

[Event "Top20"]
[Site "?"]
[Date "2000.02.12"]
[Round "6"]
[White "Tchalimian, Pascal"]
[Black "Cizeron, Frederic"]
[Result "1-0"]
[WhiteElo "2150"]
[BlackElo "1940"]
[PlyCount "111"]

1. b3 e6 2. Bb2 Nf6 3. e3 d5 4. Nf3 Nbd7 5. d4 Bd6 6. Bd3 O-O 7. O-O c6 8. Ne5
Ne8 9. Nd2 f5 10. f4 g5 11. c4 g4 12. Rc1 Rf6 13. cxd5 cxd5 14. Rf2 Rh6 15. Nf1
Nef6 16. Rfc2 Nf8 17. a3 Ng6 18. Rc3 Bd7 19. Qc2 Ne7 20. b4 Qe8 21. Nxd7 Qxd7
22. b5 Qe8 23. g3 Rh3 24. Qb3 h5 25. a4 h4 26. Ba3 hxg3 27. Bxd6 gxh2+ 28. Kh1
g3 29. R1c2 Ng4 30. Bxe7 Nf2+ 31. Rxf2 gxf2 32. Qc2 Qxe7 33. Qxf2 Kf7 34. Rc2
Rah8 35. a5 b6 36. a6 R3h7 37. Nd2 Kf6 38. Nf3 Qe8 39. Ng5 39... Re7 $11 40.
Qg3 Qh5 41. Be2 Qe8 42. Bf1 Qh5 43. Rxh2 Qxh2+ 44. Qxh2 Rxh2+ 45. Kxh2 Rc7 46.
Kg3 Rc3 47. Kf2 Rc2+ 48. Be2 Rb2 49. Nf3 Rc2 50. Ke1 Rc7 51. Kd2 Rh7 52. Ne5
Ke7 53. Nc6+ Kf6 54. Kd3 Kg6 55. Bf3 Rd7 56. Ne5+ 1-0

[Event "Top20"]
[Site "?"]
[Date "2000.02.12"]
[Round "6"]
[White "Deville, Olivier"]
[Black "Cursoux, Laurent"]
[Result "0-1"]
[WhiteElo "2040"]
[BlackElo "2211"]
[PlyCount "54"]

1. c4 Nf6 2. Nc3 e5 3. Nf3 Nc6 4. g3 g6 5. Bg2 Bg7 6. O-O O-O 7. d4 d6 8. h3
Bd7 9. dxe5 dxe5 10. e3 Bf5 11. Qb3 Qc8 12. g4 Be6 13. Nd5 Nd7 14. Ng5 Bxd5 15.
Bxd5 Nd8 16. f4 h6 17. Nf3 c6 18. Be4 Nc5 19. Qc2 f5 20. Nxe5 Bxe5 21. fxe5
Nxe4 22. c5 Qe6 23. gxf5 gxf5 24. b4 Qg6+ 25. Kh2 Qg3+ 26. Kh1 Qxh3+ 27. Kg1
Kh7 0-1

[Event "Top20"]
[Site "?"]
[Date "2000.02.12"]
[Round "6"]
[White "Roche, Marius"]
[Black "Ollier, Michel"]
[Result "0-1"]
[WhiteElo "1680"]
[BlackElo "1880"]
[PlyCount "49"]

1. d4 d6 2. h3 Nd7 3. Nf3 g6 4. Bg5 Bg7 5. e3 h6 6. Bh4 Ngf6 7. Bc4 O-O 8. O-O
Qe8 9. Nbd2 e5 10. dxe5 dxe5 11. e4 Nh5 12. Qe2 Nb6 13. Bb3 Kh7 14. Rfd1 f5 15.
exf5 gxf5 16. Nc4 Nf4 17. Qe3 Nbd5 18. Qe1 e4 19. Nd4 Qh5 20. Bg3 Bxd4 21. c3
Bc5 22. Ne3 Ne2+ 23. Kh2 Nxe3 24. fxe3 Nxg3 25. Qxg3 0-1

[Event "Top20"]
[Site "?"]
[Date "2000.02.05"]
[Round "6"]
[White "Garon, Pierre"]
[Black "Poncet, Alain"]
[Result "1/2-1/2"]
[WhiteElo "1960"]
[BlackElo "1880"]
[PlyCount "140"]

1. c4 e5 2. Nc3 Nf6 3. g3 c6 4. d4 exd4 5. Qxd4 Na6 6. Bg2 Nc7 7. e4 Ne6 8. Qd2
d6 9. Nge2 Qc7 10. b3 Be7 11. Bb2 b6 12. Rd1 Bb7 13. Nf4 O-O 14. O-O Nc5 15.
Rfe1 Rfd8 16. Qe2 a5 17. Rd2 a4 18. b4 a3 19. bxc5 axb2 20. cxb6 Qxb6 21. Rxb2
Qc7 22. Qc2 Nd7 23. a4 g6 24. Ra2 Bf6 25. Nd1 Ra5 26. Nd3 Rda8 27. N1b2 c5 28.
Bf3 Ne5 29. Bd1 Qd7 30. Nf4 Rb8 31. Nd5 Bxd5 32. exd5 Qb7 33. Re3 Nd7 34. Rb3
Qxb3 35. Qxb3 Rxb3 36. Bxb3 Ne5 37. Kg2 Kf8 38. f4 Nd7 39. Kf3 Nb6 40. g4 h6
41. Nd3 Be7 42. Ke4 Bf6 43. Ne1 Ke7 44. Nd3 Kf8 45. f5 g5 46. Nf2 Bc3 47. Nh1
f6 48. Nf2 Nd7 49. Rc2 Bd4 50. Nd1 Ne5 51. h3 Nf7 52. Nc3 Nd8 53. Nb5 Be5 54.
Nc7 Nb7 55. Ne6+ Ke7 56. Rc1 Ra7 57. Kd3 Na5 58. Bc2 Rb7 59. Rb1 Rxb1 60. Bxb1
Bg3 61. Bc2 Be5 62. Bd1 Bg3 63. Bf3 Be5 64. Nc7 Kd7 65. Nb5 Bg3 66. Na7 Be1 67.
Nc6 Nb7 68. Ke2 Bc3 69. Kd3 Be1 70. Kc2 Na5 1/2-1/2

[Event "Top20"]
[Site "?"]
[Date "2000.02.12"]
[Round "6"]
[White "Graillon, David"]
[Black "Boblin, Laurent"]
[Result "1/2-1/2"]
[WhiteElo "1820"]
[BlackElo "1810"]
[PlyCount "95"]

1. Nf3 Nf6 2. d4 e6 3. g3 b6 4. Bg2 Bb7 5. O-O Be7 6. c4 O-O 7. Nc3 c6 8. e4 d5
9. e5 Ne4 10. cxd5 Nxc3 11. bxc3 cxd5 12. Ne1 Qc7 13. Bb2 Nc6 14. f4 f5 15. g4
g6 16. gxf5 gxf5 17. Qh5 Rf7 18. Nf3 Rg7 19. Ng5 Qd7 20. h4 Na5 21. Qh6 Nc4 22.
Rf2 Nxb2 23. Rxb2 Bxg5 24. hxg5 Rc8 25. Rc1 Rg6 26. Qh3 Ba6 27. Kf2 Qg7 28. Bf3
Qe7 29. Bh5 Rg7 30. Rg1 Qa3 31. Rc2 Qa4 32. Bd1 Qe8 33. Ke1 Rcc7 34. Rcg2 Qc8
35. g6 Rxg6 36. Rxg6+ hxg6 37. Bh5 Rg7 38. Rxg6 Rxg6 39. Bxg6 Qc7 40. Qg3 Kf8
41. Qh3 Qg7 42. Qh5 Bb5 43. Kf2 Ba4 44. Ke3 Bb5 45. Kd2 Bc6 46. Kc2 Ba4+ 47.
Kb2 Bb5 48. Kc2 1/2-1/2

[Event "Top20"]
[Site "?"]
[Date "2000.02.12"]
[Round "6"]
[White "Massard, Christian"]
[Black "Cursoux, Gerard"]
[Result "0-1"]
[WhiteElo "1780"]
[BlackElo "2020"]
[PlyCount "134"]

1. Nf3 g6 2. c4 d6 3. g3 e5 4. Nc3 Bg7 5. Bg2 Nc6 6. d3 Nge7 7. Bd2 O-O 8. O-O
f5 9. Bg5 h6 10. Bxe7 Nxe7 11. Qd2 c6 12. e3 g5 13. h3 Be6 14. Rac1 Qd7 15. b4
Ng6 16. b5 g4 17. bxc6 bxc6 18. hxg4 fxg4 19. Nh2 h5 20. Be4 Ne7 21. Rb1 d5 22.
cxd5 cxd5 23. Bg2 Rab8 24. Qc2 Rbc8 25. Qd2 Rc5 26. Rfc1 Rfc8 27. Ne2 Rxc1+ 28.
Rxc1 Rxc1+ 29. Nxc1 Qc7 30. Qb2 e4 31. d4 Nf5 32. Ne2 Nd6 33. Nf4 Bf7 34. Bf1
Bh6 35. Ne2 Nc4 36. Qc2 Qa5 37. Nc1 Qe1 38. Nb3 Nxe3 39. fxe3 Qxg3+ 40. Bg2
Qe1+ 41. Bf1 g3 42. Qg2 Bg7 43. Nf3 Qxe3+ 44. Kh1 Qxf3 45. Be2 Qxg2+ 46. Kxg2
h4 47. Kh3 Be6+ 48. Kg2 Bf8 49. Nc5 Bxc5 50. dxc5 d4 51. c6 d3 52. Bd1 e3 53.
Bb3 Bxb3 54. axb3 e2 55. c7 e1=Q 56. c8=Q+ Kg7 57. Qd7+ Kf6 58. Qd4+ Kf5 59.
Qd7+ Kf4 60. Qf7+ Ke3 61. Qxa7+ Ke2 62. Qe7+ Kd1 63. Qa3 Qd2+ 64. Kh3 Qe3 65.
b4 Ke2 66. Qa2+ d2 67. Qc4+ Ke1 0-1

[Event "Top20"]
[Site "?"]
[Date "2000.02.12"]
[Round "6"]
[White "Bruel, Bruno"]
[Black "Carrot, Patrick"]
[Result "1-0"]
[WhiteElo "1750"]
[BlackElo "1820"]
[PlyCount "83"]

1. d4 d5 2. c4 c6 3. Nf3 Nf6 4. Nc3 e6 5. e3 Nbd7 6. Bd3 dxc4 7. Bxc4 Nb6 8.
Bd3 Be7 9. O-O Nbd5 10. Bd2 O-O 11. Rc1 Bd7 12. Qe2 Rc8 13. a3 c5 14. dxc5 Bxc5
15. e4 Nxc3 16. Rxc3 Be7 17. Rxc8 Bxc8 18. e5 Nd7 19. Qe4 g6 20. b4 b6 21. Rc1
Kg7 22. Nd4 Nxe5 23. Bc3 Bf6 24. Be2 Qe7 25. f4 Bb7 26. Qe3 Nd7 27. g4 Kg8 28.
g5 Bg7 29. h4 Rc8 30. h5 Qd6 31. Rd1 Qc7 32. Rc1 Qd6 33. Rd1 Qe7 34. h6 Bh8 35.
Bg4 Qe8 36. Nb5 Bd5 37. Bxh8 Kxh8 38. Nd6 Qf8 39. Nxc8 Qxc8 40. Rc1 Qd8 41.
Qc3+ f6 42. Qc8 1-0